[Event "Omsk op 12"]
[Site "Omsk"]
[Date "2013.12.07"]
[Round "5"]
[White "Gabdullin, Oleg"]
[Black "Riabinina, Margarita"]
[Result "1-0"]
[WhiteElo "1901"]
[BlackElo "1724"]
[PlyCount "59"]
[EventDate "2013.12.01"]
[EventType "swiss"]
[EventRounds "9"]
[EventCountry "RUS"]
[SourceTitle "EXT 2016"]
[Source "ChessBase"]
[SourceDate "2015.10.08"]
[SourceVersion "1"]
[SourceVersionDate "2015.10.08"]
[SourceQuality "1"]

1. d4 Nf6 2. c4 c5 3. e3 e6 4. Nc3 g6 5. Nf3 cxd4 6. exd4 d6 7. Bd3 Bg7 8. 0-0 0-0 9. Bf4 a6 10. Qb3 Nc6 11. Rad1 Ne8 12. Bg5 Qc7 13. Be2 h6 14. Bh4 g5 15. Bg3 Nf6 16. c5 Rd8 17. Bxd6 Qa5 18. Ne5 Nxe5 19. dxe5 Nd7 20. Ne4 b5 21. cxb6 Qxb6 22. Qxb6 Nxb6 23. Bc7 Rxd1 24. Rxd1 Nd5 25. Bd6 Ra7 26. Bc4 Bb7 27. Bc5 Ra8 28. Nd6 Bc6 29. Bd4 Rd8 30. a3 1-0

[Event "Omsk op 12"]
[Site "Omsk"]
[Date "2013.12.04"]
[Round "3"]
[White "Kislov, Leonid"]
[Black "Gabdullin, Oleg"]
[Result "1-0"]
[WhiteElo "1838"]
[BlackElo "1901"]
[PlyCount "47"]
[EventDate "2013.12.01"]
[EventType "swiss"]
[EventRounds "9"]
[EventCountry "RUS"]
[SourceTitle "EXT 2016"]
[Source "ChessBase"]
[SourceDate "2015.10.08"]
[SourceVersion "1"]
[SourceVersionDate "2015.10.08"]
[SourceQuality "1"]

1. b4 d6 2. Bb2 Nf6 3. b5 e5 4. e3 Be7 5. Nf3 0-0 6. c4 a6 7. a4 axb5 8. cxb5 Nbd7 9. Be2 Ne4 10. 0-0 Bf6 11. d4 Be7 12. Nc3 Nxc3 13. Bxc3 Bf6 14. Qd3 Re8 15. dxe5 Nxe5 16. Nxe5 Bxe5 17. Bxe5 Rxe5 18. Bf3 d5 19. Rfd1 Be6 20. a5 c5 21. bxc6 bxc6 22. Qc3 Rg5 23. Qxc6 Rxa5 24. Rxa5 1-0

[Event "Omsk Summer op"]
[Site "Omsk"]
[Date "2013.06.08"]
[Round "1"]
[White "Gabdullin, Oleg"]
[Black "Ratushny, Grigory"]
[Result "1/2-1/2"]
[WhiteElo "1908"]
[BlackElo "1925"]
[PlyCount "20"]
[EventDate "2013.06.08"]
[EventType "swiss"]
[EventRounds "9"]
[EventCountry "RUS"]
[SourceTitle "EXT 2014"]
[Source "ChessBase"]
[SourceDate "2013.11.20"]
[SourceVersion "1"]
[SourceVersionDate "2013.11.20"]
[SourceQuality "1"]

1. d4 Nf6 2. c4 g6 3. Nc3 Bg7 4. e4 d6 5. Nf3 0-0 6. Be2 Nc6 7. 0-0 e5 8. dxe5 dxe5 9. Qxd8 Rxd8 10. Bg5 Rd7 1/2-1/2

[Event "Omsk-ch"]
[Site "Omsk"]
[Date "2013.02.13"]
[Round "5"]
[White "Gabdullin, Oleg"]
[Black "Tipikin, Ivan"]
[Result "1-0"]
[WhiteElo "1897"]
[BlackElo "1932"]
[PlyCount "39"]
[EventDate "2013.02.09"]
[EventType "swiss"]
[EventRounds "9"]
[EventCountry "RUS"]
[SourceTitle "CBM 153 Extra"]
[Source "ChessBase"]
[SourceDate "2013.04.22"]
[SourceVersion "1"]
[SourceVersionDate "2013.04.22"]
[SourceQuality "1"]

1. d4 Nf6 2. c4 e5 3. e3 exd4 4. exd4 Bb4+ 5. Nc3 0-0 6. Bd3 d5 7. Nge2 Re8 8. 0-0 Bg4 9. Bg5 Bxc3 10. bxc3 Nbd7 11. cxd5 h6 12. Bh4 g5 13. Bg3 Nxd5 14. Qc2 Bxe2 15. Bxe2 Nxc3 16. Bf3 Nb5 17. Bxb7 Rb8 18. Bd5 Nf6 19. Qg6+ Kh8 20. Bxf7 1-0

[Event "Omsk-ch"]
[Site "Omsk"]
[Date "2013.02.12"]
[Round "4"]
[White "Kirpichev, Sergey"]
[Black "Gabdullin, Oleg"]
[Result "1-0"]
[WhiteElo "2205"]
[BlackElo "1897"]
[PlyCount "67"]
[EventDate "2013.02.09"]
[EventType "swiss"]
[EventRounds "9"]
[EventCountry "RUS"]
[SourceTitle "CBM 153 Extra"]
[Source "ChessBase"]
[SourceDate "2013.04.22"]
[SourceVersion "1"]
[SourceVersionDate "2013.04.22"]
[SourceQuality "1"]

1. d4 d5 2. Nf3 e6 3. g3 Nf6 4. Bg2 Be7 5. 0-0 0-0 6. c4 c6 7. Nc3 Nbd7 8. b3 Qc7 9. Bb2 Re8 10. Rc1 dxc4 11. bxc4 Nb6 12. Ne5 Bd7 13. c5 Nbd5 14. e4 Nxc3 15. Rxc3 Rad8 16. Qc2 Bc8 17. Rd1 Nd7 18. Nc4 Nf8 19. e5 Ng6 20. Nd6 Rf8 21. h4 f5 22. Qe2 Bxd6 23. exd6 Qf7 24. h5 Nh8 25. Rcd3 Bd7 26. f4 h6 27. Bf3 Kh7 28. Rc3 Rg8 29. Rb3 Be8 30. Re1 g5 31. hxg6+ Qxg6 32. Bh5 Qf6 33. d5 Qf8 34. dxe6 1-0